Music Quiz

Random Music or Song Quiz

You Me and Everyone We Know Lyrics Quiz Stats

 Plays Quiz not verified by Sporcle

Challenge
Share
Tweet
Embed
Score 0/28 Timer 07:00
0 Plays Today
lyrics song % Correct
We're only here at this beach for the dayMoon, Roll Me Away
86.7%
You're only brave til you're scared, you're only unique until comparedLivin' Th' Dream
80%
Bring a blanket - it gets awfully cold when you can't afford the heat and you're sleepin aloneA Bigger Point of Pride
73.3%
I'm not complaining, just beginning to seeThings Are Really Weird Right Now
73.3%
The problem with change is it's hard, like finding lively conversations in graveyardsSome Things Don't Wash Out
73.3%
Back to the couch where I'll binge on Doritos, where I'll grow so stagnant that I'll breed mosquitioesBootstraps
73.3%
There's a party goin on, we're livin life uninvitedShock and Awe
66.7%
Could you kick those heels off, baby and still walk tall?Happy Birthday
66.7%
It's the only crush that'll make me blushColorful Language
66.7%
The lesson's never learned, it's just like stitches for showCarolina Heat
66.7%
And number 22308 would be my overwhelming urge to hyperbolateA Little Bit More
66.7%
Can you feel their stares?Do it Again (You're Not Making Me Want to Touch You)
60%
There was a time I came to your side, it was 3 am and you were begging me to dieI Can Get Back Up Now
60%
Still it feels like I've been wearing a wet pair of jeans, something is rubbing me the wrong wayThe Puzzle
60%
lyrics song % Correct
You act as though you have lived a life because you're a tad bit overcooked, but I've been burned and burnedDirty Laundry
60%
My teeth aren't nearly as white, my blue eyes half as brightSad Bastard Music
60%
Your love is like a bus - I may miss you, but I know more will comeThe Next 20 Minutes
60%
I'm as stealthy as a slow gas leak...Because I Spit Hot Fire
60%
Please leave me on the kitchen floor with my dignityA Symptom
53.3%
Would you hold it against me for knowing the words which are said to make your heartbeat stop?The Rent Is Due
53.3%
After my kind of night that ends throwing upI'm Losing Weight for You
53.3%
And it's down the stairs, hair tossed and footing lostThe Press War
53.3%
And I'm staring pretty hard, but it's not at her feetJames Brown Is Dead
53.3%
I was the same two c-c-c-c-consonants, I just wanted you all vowelsThere Was a Thump, Then Another
53.3%
Plan A has got a boyfriend, but she melts to my touchI'd Be More Interested If You Were Already Spoken For
46.7%
Although you're untrue I'm attracted to you all the moreBuild Me Up Buttercup
46.7%
Still the charm around my neck 'cause I haven't learned to tie a noose quite yetSometimes We Have Too Much Fun
40%
Could it be that I'm a little unfed, that i'm noticing more and more space in my bed?Could It Be Sunstroke?
40%

You're not logged in!

Compare scores with friends on all Sporcle quizzes.
Join for Free
OR
Log In

You Might Also Like...

Show Comments

Extras

Top Quizzes Today


Score Distribution

Your Account Isn't Verified!

In order to create a playlist on Sporcle, you need to verify the email address you used during registration. Go to your Sporcle Settings to finish the process.

Report this User

Report this user for behavior that violates our Community Guidelines.

Details: